[Event "Col Ch "]
[Site "Ibague "]
[Date "2013.07.03"]
[Round "5.56"]
[White "Lopez Hernandez, Carlos Manuel"]
[Black "Botello, Gregory Paul"]
[Result "1-0"]
[WhiteElo "2320"]
[BlackElo "1940"]
[PlyCount "71"]
[EventDate "2013.07.01"]
[EventType "swiss"]
[EventRounds "11"]
[EventCountry "COL"]
[SourceDate "2005.09.12"]

1. Nf3 d5 2. d4 c6 3. c4 Nf6 4. Nc3 a6 5. a4 e6 6. Bg5 Nbd7 7. e3 Be7 8. Bd3
O-O 9. O-O Re8 10. Qc2 h6 11. Bf4 dxc4 12. Bxc4 Nb6 13. Bb3 Nbd5 14. Be5 Bd7
15. e4 Nb4 16. Qe2 Rc8 17. Rfd1 Qa5 18. Nd2 Qd8 19. a5 c5 20. Nc4 cxd4 21. Bxd4
Rxc4 22. Bxc4 Qc8 23. Rac1 Bc6 24. Bb3 Qc7 25. Bb6 Qf4 26. f3 Nd7 27. Be3 Bc5
28. Bxc5 Nxc5 29. Bc4 Nd7 30. Qd2 Qxd2 31. Rxd2 b5 32. Na2 Nxa2 33. Bxa2 Nb8
34. Rd6 Ba8 35. Rc7 g6 36. Kf2 1-0

[Event "Col Ch "]
[Site "Ibague "]
[Date "2013.07.03"]
[Round "5.57"]
[White "Marin, Alejandro"]
[Black "Mateus, Alejandro"]
[Result "0-1"]
[WhiteElo "1923"]
[BlackElo "2289"]
[PlyCount "42"]
[EventDate "2013.07.01"]
[EventType "swiss"]
[EventRounds "11"]
[EventCountry "COL"]
[SourceDate "2005.09.12"]

1. e4 c5 2. Nf3 d6 3. d4 cxd4 4. Nxd4 Nf6 5. f3 e5 6. Bb5+ Nbd7 7. Nf5 d5 8.
exd5 a6 9. Ba4 b5 10. Bb3 Nc5 11. Ne3 Nxb3 12. axb3 Bc5 13. c4 O-O 14. O-O Nh5
15. Qe1 f5 16. Kh1 f4 17. Ng4 Bxg4 18. fxg4 Ng3+ 19. hxg3 Qg5 20. Rf2 Qh6+ 21.
Kg1 fxg3 0-1

[Event "Col Ch "]
[Site "Ibague "]
[Date "2013.07.03"]
[Round "5.58"]
[White "Agudelo, Antonio"]
[Black "Ordonez Gonzalez, Gabriel"]
[Result "1-0"]
[WhiteElo "2275"]
[BlackElo "1909"]
[PlyCount "51"]
[EventDate "2013.07.01"]
[EventType "swiss"]
[EventRounds "11"]
[EventCountry "COL"]
[SourceDate "2005.09.12"]

1. Nf3 d5 2. g3 Nf6 3. Bg2 e6 4. d3 Be7 5. O-O c5 6. Nbd2 O-O 7. e4 Nc6 8. e5
Nd7 9. Re1 Qc7 10. Qe2 Re8 11. Nf1 b6 12. Bf4 Nf8 13. h4 Ng6 14. Bd2 Bf8 15. c3
Ba6 16. h5 Nge7 17. N1h2 Rad8 18. Bf4 Rd7 19. Ng4 Kh8 20. h6 Ng6 21. Bg5 Na5
22. hxg7+ Bxg7 23. Nf6 Rc8 24. Nh4 d4 25. Qh5 Nf8 26. Be4 1-0

[Event "Col Ch "]
[Site "Ibague "]
[Date "2013.07.03"]
[Round "5.59"]
[White "Rojas Barrero, Andres H"]
[Black "Moreno, Julian David"]
[Result "1-0"]
[WhiteElo "2201"]
[BlackElo "1869"]
[PlyCount "63"]
[EventDate "2013.07.01"]
[EventType "swiss"]
[EventRounds "11"]
[EventCountry "COL"]
[SourceDate "2005.09.12"]

1. e4 e5 2. Nf3 Nc6 3. d4 exd4 4. Nxd4 Bc5 5. Be3 Bxd4 6. Bxd4 Nxd4 7. Qxd4 Qf6
8. e5 Qb6 9. Qxb6 axb6 10. Nc3 Ra5 11. Nb5 Kd8 12. f4 Nh6 13. Bc4 Nf5 14. Kf2
f6 15. Rhe1 d5 16. exd6 c6 17. Nc3 Re8 18. Rxe8+ Kxe8 19. Rd1 Rc5 20. b3 Kd7
21. g4 Nh6 22. h3 Ra5 23. a4 g5 24. b4 Ra8 25. f5 c5 26. Be6+ Kd8 27. d7 Bxd7
28. Rxd7+ Ke8 29. Nd5 Rxa4 30. Rxh7 Kf8 31. Rxh6 Kg7 32. Rg6+ 1-0

[Event "Col Ch "]
[Site "Ibague "]
[Date "2013.07.03"]
[Round "5.60"]
[White "Castaneda, Jorge Luis"]
[Black "Cadavid, Juan Miguel"]
[Result "1-0"]
[WhiteElo "2199"]
[BlackElo "1862"]
[PlyCount "77"]
[EventDate "2013.07.01"]
[EventType "swiss"]
[EventRounds "11"]
[EventCountry "COL"]
[SourceDate "2005.09.12"]

1. c4 c6 2. e4 d5 3. exd5 cxd5 4. d4 Nf6 5. Nc3 Bf5 6. Qb3 e6 7. Qxb7 Nbd7 8.
c5 Be7 9. c6 Nb6 10. c7 Qc8 11. Ba6 O-O 12. Qxc8 Nxc8 13. Bb7 Nb6 14. Bxa8 Nxa8
15. Bf4 Bb4 16. Nge2 Rc8 17. O-O Nxc7 18. Rfc1 Nce8 19. a3 Bd6 20. Bxd6 Nxd6
21. Nb5 Nfe8 22. Nxd6 Nxd6 23. Rxc8+ Nxc8 24. Rc1 Nd6 25. Rc6 Ne8 26. Rc8 Kf8
27. Ra8 a6 28. Nc1 Ke7 29. Rxa6 Nd6 30. Ra7+ Kf6 31. a4 Bc2 32. b4 Kf5 33. f3
e5 34. Ne2 Bd3 35. Kf2 Ke6 36. b5 Nc8 37. Rc7 Ne7 38. b6 Kd6 39. dxe5+ 1-0

[Event "Col Ch "]
[Site "Ibague "]
[Date "2013.07.03"]
[Round "5.61"]
[White "Perez Pineda, Elkin Dario"]
[Black "Gomez, Jorge Leonardo"]
[Result "1-0"]
[WhiteElo "2159"]
[BlackElo "1838"]
[PlyCount "78"]
[EventDate "2013.07.01"]
[EventType "swiss"]
[EventRounds "11"]
[EventCountry "COL"]
[SourceDate "2005.09.12"]

1. e4 c6 2. d4 d5 3. exd5 cxd5 4. c4 Nf6 5. Nc3 g6 6. h3 Bg7 7. Nf3 O-O 8. cxd5
b6 9. Bc4 Bb7 10. O-O Na6 11. Bg5 Nc7 12. Re1 h6 13. Bh4 g5 14. Bg3 Ncxd5 15.
h4 g4 16. Ne5 h5 17. f3 gxf3 18. Nxf3 Nxc3 19. bxc3 Bd5 20. Bd3 Rc8 21. Rc1 Ng4
22. Ne5 f5 23. Ng6 Rf7 24. Bxf5 Bxg2 25. Bxc8 Bf3 26. Nxe7+ Rxe7 27. Qxf3 Rxe1+
28. Rxe1 Qxc8 29. Qd5+ Kh7 30. Qxh5+ Nh6 31. Qf3 Qc4 32. Re7 Qxa2 33. Be5 Qb1+
34. Qf1 Qg6+ 35. Qg2 Qxg2+ 36. Kxg2 Nf5 37. Rxa7 Kg6 38. Bxg7 Nxg7 39. Rxg7+
Kxg7 1-0

[Event "Col Ch "]
[Site "Ibague "]
[Date "2013.07.03"]
[Round "5.62"]
[White "Uribe Sanchez, Alejandro"]
[Black "Huertas Botache, Alvaro Eduard"]
[Result "1/2-1/2"]
[WhiteElo "2058"]
[BlackElo "1833"]
[PlyCount "69"]
[EventDate "2013.07.01"]
[EventType "swiss"]
[EventRounds "11"]
[EventCountry "COL"]
[SourceDate "2005.09.12"]

1. d4 Nf6 2. c4 e6 3. Nc3 Bb4 4. Qc2 b6 5. e4 Bxc3+ 6. bxc3 d6 7. Bd3 e5 8. Ne2
Nbd7 9. O-O O-O 10. Ng3 Re8 11. f4 c5 12. Nf5 Qc7 13. Nxd6 Qxd6 14. fxe5 Nxe5
15. dxe5 Qxe5 16. Bf4 Qh5 17. e5 Ng4 18. Be4 Rb8 19. Rae1 Be6 20. Qe2 Qh4 21.
Bg3 Qg5 22. h3 Nh6 23. Bf4 Qh4 24. Bh2 Rbd8 25. Rd1 Kh8 26. Bd5 Qe7 27. Qf3 Rf8
28. Qh5 Ng8 29. Bf4 g6 30. Qf3 h6 31. Qe3 Kg7 32. Rd2 Rd7 33. Rfd1 Rfd8 34. Qg3
Kh7 35. Qf3 1/2-1/2

[Event "Col Ch "]
[Site "Ibague "]
[Date "2013.07.03"]
[Round "5.63"]
[White "Torres, Jose Leonardo"]
[Black "Rico, Oswaldo"]
[Result "0-1"]
[WhiteElo "1787"]
[BlackElo "2022"]
[PlyCount "48"]
[EventDate "2013.07.01"]
[EventType "swiss"]
[EventRounds "11"]
[EventCountry "COL"]
[SourceDate "2005.09.12"]

1. e4 e6 2. d4 d5 3. Nc3 dxe4 4. Nxe4 Nd7 5. Nf3 Ngf6 6. Bg5 Be7 7. Bd3 Nxe4 8.
Bxe7 Qxe7 9. Bxe4 Qb4+ 10. Qd2 Qxb2 11. O-O Nf6 12. Bd3 O-O 13. a4 Qb6 14. Rfb1
Qd6 15. Rb5 Nd5 16. c4 a6 17. Rb3 Nf6 18. Rd1 b6 19. Ne5 Bd7 20. Ra1 Rfd8 21.
Qg5 Qxd4 22. Rd1 Bxa4 23. Nxf7 Bxb3 24. Nh6+ Kf8 0-1

[Event "Col Ch "]
[Site "Ibague "]
[Date "2013.07.03"]
[Round "5.65"]
[White "Acosta Cubides, Jorian Jared"]
[Black "Agudelo, Oscar Marino"]
[Result "0-1"]
[WhiteElo "1971"]
[BlackElo "1739"]
[PlyCount "82"]
[EventDate "2013.07.01"]
[EventType "swiss"]
[EventRounds "11"]
[EventCountry "COL"]
[SourceDate "2005.09.12"]

1. e4 c5 2. Nf3 d6 3. d4 cxd4 4. Nxd4 Nf6 5. Nc3 a6 6. Bc4 g6 7. O-O Bg7 8. Bb3
O-O 9. Kh1 Nbd7 10. f4 Nc5 11. Re1 (11. e5 dxe5 12. fxe5 Ng4 13. e6 Qxd4 14.
exf7+ Kh8 15. Qxd4 Bxd4) 11... Ng4 12. Rf1 Nxb3 13. Nxb3 e5 14. h3 Qh4 15. Kg1
h5 16. Qf3 Nf6 17. Bd2 Be6 18. Qd3 Ne8 19. f5 gxf5 20. exf5 Bc4 21. Qf3 Bxf1
22. Rxf1 Nf6 23. Qxb7 a5 24. a4 Rfb8 25. Qc6 Rd8 26. Be1 Qg5 27. Bd2 Qh4 28.
Be1 Qb4 29. Nd5 Qb8 30. Nxf6+ Bxf6 31. Qf3 Qc7 32. Rf2 h4 33. Qg4+ Kf8 34. Rd2
Rab8 35. Bxh4 Rb4 36. Qxb4 axb4 37. Bxf6 Rd7 38. h4 d5 39. a5 Qd6 40. Bg5 f6
41. Be3 d4 0-1

[Event "Col Ch "]
[Site "Ibague "]
[Date "2013.07.03"]
[Round "5.67"]
[White "Dabraccio, Guillermo"]
[Black "Ospina Ortiz, Oscar Alexander"]
[Result "0-1"]
[WhiteElo "1752"]
[BlackElo "1943"]
[PlyCount "94"]
[EventDate "2013.07.01"]
[EventType "swiss"]
[EventRounds "11"]
[EventCountry "COL"]
[SourceDate "2005.09.12"]

1. d4 d5 2. Nf3 Nf6 3. Bf4 e6 4. e3 c5 5. c3 Bd6 6. Ne5 O-O 7. Nd2 c4 8. Be2
Nc6 9. Bg3 Qc7 10. f4 b5 11. O-O a5 12. Qc2 Ne7 13. Bf2 Bb7 14. Bf3 b4 15. g4
Nd7 16. Bg2 f6 17. Nxd7 Qxd7 18. Bg3 Ra7 19. Nf3 a4 20. Qd2 Nc6 21. Rfb1 a3 22.
Be1 Rfa8 23. Qc2 axb2 24. Qxb2 Ra3 25. cxb4 Rxe3 26. b5 Na5 27. Bxa5 Rxa5 28.
Qd2 Rea3 29. Ne1 c3 30. Qc1 Qc7 31. Nc2 Rxa2 32. Qe1 Kf7 33. f5 e5 34. Rxa2
Rxa2 35. Qd1 exd4 36. g5 Bxh2+ 37. Kh1 g6 38. fxg6+ hxg6 39. Qxd4 Be5 40. Bxd5+
Kf8 41. Qb4+ Bd6 42. Qe4 Qh7+ 43. Kg1 Qh2+ 44. Kf1 Rxc2 45. Qf3 f5 46. Bxb7 Bc5
47. Ke1 Qg1+ 0-1

[Event "Col Ch "]
[Site "Ibague "]
[Date "2013.07.03"]
[Round "5.68"]
[White "Ricciulli Vargas, Roberth Elie"]
[Black "Chavarro, Hugo"]
[Result "0-1"]
[WhiteElo "1762"]
[BlackElo "2296"]
[PlyCount "66"]
[EventDate "2013.07.01"]
[EventType "swiss"]
[EventRounds "11"]
[EventCountry "COL"]
[SourceDate "2005.09.12"]

1. e4 c5 2. Nf3 d6 3. Bb5+ Bd7 4. Bxd7+ Nxd7 5. c4 Ngf6 6. Nc3 g6 7. d4 cxd4 8.
Nxd4 Bg7 9. O-O O-O 10. f3 Rc8 11. b3 a6 12. Nce2 b5 13. cxb5 axb5 14. Be3 b4
15. Qd2 d5 16. Rac1 dxe4 17. Nc6 Rxc6 18. Rxc6 exf3 19. gxf3 Qa8 20. Rc2 Ne5
21. Nd4 Rd8 22. Qxb4 Nd5 23. Qe1 Nxe3 24. Qxe3 Rxd4 25. Rfc1 Rd8 26. Kg2 h5 27.
Qe4 Qa6 28. f4 f5 29. Qe3 Qb7+ 30. Kf1 Rd3 31. Qg1 Ng4 32. Ke1 Qb4+ 33. Ke2
Qe4+ 0-1

[Event "Col Ch "]
[Site "Ibague "]
[Date "2013.07.03"]
[Round "5.69"]
[White "Jaramillo, Daniel Alejandro"]
[Black "Guerrero Forero, Ricardo Alon"]
[Result "0-1"]
[WhiteElo "1693"]
[BlackElo "2208"]
[PlyCount "52"]
[EventDate "2013.07.01"]
[EventType "swiss"]
[EventRounds "11"]
[EventCountry "COL"]
[SourceDate "2005.09.12"]

1. d4 c5 2. d5 e6 3. dxe6 fxe6 4. e4 Nc6 5. Nc3 Nf6 6. Bg5 Be7 7. Bxf6 Bxf6 8.
Qh5+ g6 9. Qxc5 Bd4 10. Qb5 Qf6 11. O-O-O Qxf2 12. Nge2 Be5 13. Kb1 O-O 14. g3
a6 15. Qd3 Rf3 16. Qd2 Qb6 17. Ka1 d6 18. Bh3 Na5 19. Rhf1 Nc4 20. Qc1 Re3 21.
Rf2 Rxc3 22. Rf8+ Kxf8 23. Rf1+ Kg7 24. bxc3 Bd7 25. Nd4 Qa5 26. Rf3 Rf8 0-1

[Event "Col Ch "]
[Site "Ibague "]
[Date "2013.07.03"]
[Round "5.72"]
[White "Aponte, Juan Camilo"]
[Black "Figueroa Salcedo, Reinaldo Ar"]
[Result "0-1"]
[WhiteElo "1909"]
[BlackElo "1717"]
[PlyCount "38"]
[EventDate "2013.07.01"]
[EventType "swiss"]
[EventRounds "11"]
[EventCountry "COL"]
[SourceDate "2005.09.12"]

1. d4 Nf6 2. Nf3 d5 3. c4 c6 4. e3 Bf5 5. Nc3 Nbd7 6. cxd5 cxd5 7. Qb3 Nb6 8.
Bb5+ Bd7 9. a4 e6 10. Ne5 Be7 11. Bxd7+ Nbxd7 12. Qxb7 Nxe5 13. dxe5 Nd7 14.
Qc6 O-O 15. f4 Nc5 16. O-O Nb3 17. Ra2 Bc5 18. Kf2 d4 19. Ne4 Qh4+ 0-1

[Event "Col Ch "]
[Site "Ibague "]
[Date "2013.07.03"]
[Round "5.73"]
[White "Trujillo, Luis Angel"]
[Black "Carrillo, Custodio"]
[Result "1-0"]
[WhiteElo "1682"]
[BlackElo "1886"]
[PlyCount "125"]
[EventDate "2013.07.01"]
[EventType "swiss"]
[EventRounds "11"]
[EventCountry "COL"]
[SourceDate "2005.09.12"]

1. e4 c5 2. Nf3 d6 3. d4 cxd4 4. Nxd4 Nf6 5. Nc3 a6 6. Be2 e5 7. Nf3 Nc6 8. Bg5
Be7 9. a3 Bg4 10. h3 Bxf3 11. Bxf3 Nd4 12. Be3 Nxf3+ 13. Qxf3 O-O 14. O-O Qc7
15. Rac1 Rfe8 16. Rfd1 Qc4 17. Bg5 Rad8 18. b3 Qc5 19. a4 Rc8 20. Ne2 h6 21.
Be3 Qb4 22. Ng3 Rc6 23. Bd2 Qb6 24. b4 Rc4 25. c3 Qc6 26. Re1 Nh7 27. Qd3 Bg5
28. a5 Bxd2 29. Qxd2 Ng5 30. f3 g6 31. h4 Ne6 32. h5 Nf4 33. hxg6 fxg6 34. Ne2
g5 35. Ng3 Kh7 36. Nf5 Re6 37. Ne3 Qc7 38. Nxc4 Qxc4 39. g3 Nh5 40. Qh2 Kg6 41.
Qh3 Rf6 42. Re3 Qa2 43. Rce1 Qc2 44. Qg2 Qb3 45. Kh2 Kh7 46. Qh3 Kg6 47. Qg2
Kh7 48. Qd2 Kg6 49. Rd3 g4 50. fxg4 Ng7 51. Rxd6 Ne6 52. Kg2 Qc4 53. Qe3 Nf4+
54. gxf4 Rxd6 55. f5+ Kg7 56. Rh1 Qa2+ 57. Kg3 Qc2 58. Rc1 Qb2 59. Rh1 Qc2 60.
Qc5 Rd3+ 61. Kh4 Qxc3 62. Qe7+ Kg8 63. f6 1-0

[Event "Col Ch "]
[Site "Ibague "]
[Date "2013.07.03"]
[Round "5.74"]
[White "O Neil, Donovan"]
[Black "Pelaez, Hernan"]
[Result "0-1"]
[WhiteElo "1692"]
[BlackElo "1867"]
[PlyCount "9"]
[EventDate "2013.07.01"]
[EventType "swiss"]
[EventRounds "11"]
[EventCountry "COL"]
[SourceDate "2005.09.12"]

1. e4 g6 2. Nc3 Nh6 3. d4 d6 4. Nf3 (4. h3 Bg7 5. Nf3 O-O 6. Bd3 Nc6 7. Be2 a6
8. Be3 Kh8 9. Qd2 Ng8 10. Bc4 Na5 11. Bd3 b5 12. a3 Nc4 13. Bxc4 bxc4 14. O-O
Rb8 15. Rab1 Bd7 16. d5 c6 17. dxc6 Bxc6 18. Bd4 Nf6 19. Rfe1 e5 20. Be3 Bxe4
21. Nxe4 Nxe4 22. Qd5 f5 23. Qxc4 d5 24. Qxa6 Rf6 (24... d4 25. Bd2 Rf6 26. Qa5
Nxd2 27. Qxd8+ Rxd8 28. Nxd2 e4 29. Nf1 Rc6 30. Rec1 Bh6 31. Rd1 Rxc2 32. a4
Rb8 (32... d3 33. Ne3 Bxe3 34. fxe3 Rb8 35. b4 Rc4 36. Rdc1 Rbxb4 37. a5 Rb2 (
37... Rxb1 38. Rxb1 d2 39. Rb8+ Kg7 40. Rd8 Rc1+ 41. Kf2 d1=Q 42. Rxd1 Rxd1))
33. b4 Rc4)) 4... Bg7 5. h3 0-1

[Event "Col Ch "]
[Site "Ibague "]
[Date "2013.07.03"]
[Round "5.75"]
[White "Torres, Augusto"]
[Black "Sanchez Lopez, Luis Antonio"]
[Result "1-0"]
[WhiteElo "1812"]
[BlackElo "1642"]
[PlyCount "67"]
[EventDate "2013.07.01"]
[EventType "swiss"]
[EventRounds "11"]
[EventCountry "COL"]
[SourceDate "2005.09.12"]

1. e4 e5 2. Nf3 Nc6 3. Bc4 Nf6 4. Ng5 d5 5. exd5 Nxd5 6. Nxf7 Kxf7 7. Qf3+ Ke6
8. Nc3 Nce7 9. d4 c6 10. O-O Ng6 11. Re1 Qf6 12. Bxd5+ cxd5 13. Qxd5+ Ke7 14.
dxe5 Qc6 15. Bg5+ Ke8 16. e6 Qxd5 17. Nxd5 Bd6 18. Rad1 h6 19. Bd2 Ne7 20. Bb4
Nxd5 21. Bxd6 Ne7 22. Bc7 Nc6 23. b4 a6 24. a4 Ke7 25. f4 Nd8 26. f5 Nxe6 27.
fxe6 Re8 28. Bd6+ Kf6 29. e7 Be6 30. Rf1+ Kg6 31. Rf8 Bd7 32. a5 Rac8 33. Bc5
Rxc5 34. Rxd7 1-0

[Event "Col Ch "]
[Site "Ibague "]
[Date "2013.07.03"]
[Round "5.76"]
[White "Rosero, Hugo Alberto"]
[Black "Cuervo, Alexander"]
[Result "1-0"]
[WhiteElo "1664"]
[BlackElo "1801"]
[PlyCount "87"]
[EventDate "2013.07.01"]
[EventType "swiss"]
[EventRounds "11"]
[EventCountry "COL"]
[SourceDate "2005.09.12"]

1. e4 d5 2. exd5 Qxd5 3. Nc3 Qa5 4. d4 c6 5. Nf3 Bg4 6. Be2 Nf6 7. Bd2 Qc7 8.
h3 Bh5 9. O-O Nbd7 10. Re1 e6 11. Ne5 Bxe2 12. Qxe2 Be7 13. a3 O-O 14. Bf4 Qb6
15. Nc4 Qxd4 16. Be3 Qh4 17. Nd2 Nd5 18. Nxd5 cxd5 19. Nf3 Qh5 20. Qb5 Nb6 21.
Bxb6 axb6 22. Qxb6 Bf6 23. c3 g5 24. Nh2 Qg6 25. Ng4 Bg7 26. Ne5 Qf5 27. Nd7
Rfd8 28. Nc5 d4 29. Rad1 d3 30. Nb3 h5 31. Nd4 Bxd4 32. cxd4 Rdc8 33. Re5 Qf6
34. Qb5 Rc2 35. Rxg5+ Kf8 36. Qb4+ Ke8 37. Rg8+ Kd7 38. Qxb7+ Kd6 39. Qxa8
Qxf2+ 40. Kh1 d2 41. Qd8+ Kc6 42. Qc8+ Kd5 43. Qxc2 Qe1+ 44. Kh2 1-0

[Event "Col Ch "]
[Site "Ibague "]
[Date "2013.07.03"]
[Round "5.77"]
[White "Otero Fajardo, Alvaro Antonio"]
[Black "Perez Lombana, Kevin Esteban"]
[Result "1-0"]
[WhiteElo "1794"]
[BlackElo "1439"]
[PlyCount "61"]
[EventDate "2013.07.01"]
[EventType "swiss"]
[EventRounds "11"]
[EventCountry "COL"]
[SourceDate "2005.09.12"]

1. e4 c5 2. Nf3 d6 3. d4 cxd4 4. Nxd4 Nf6 5. Nc3 a6 6. a4 e5 7. Nb3 Be7 8. Be2
O-O 9. O-O Nc6 10. Be3 Be6 11. f4 exf4 12. Rxf4 d5 13. a5 Bd6 14. Bb6 Bc7 15.
Bxc7 Qxc7 16. Rxf6 gxf6 17. exd5 Rad8 18. Bd3 Bxd5 19. Qg4+ Kh8 20. Qh5 f5 21.
Qxf5 Kg7 22. Nxd5 Rxd5 23. Qxd5 Rd8 24. Qg5+ Kf8 25. Re1 Ne7 26. Qh6+ Ke8 27.
Bxh7 Rd6 28. Qg7 Kd8 29. Qxf7 Kc8 30. Qxe7 Rd7 31. Bf5 1-0

[Event "Col Ch "]
[Site "Ibague "]
[Date "2013.07.03"]
[Round "5.78"]
[White "Rodriguez, German Andres"]
[Black "Palechor, Cesar Augusto"]
[Result "0-1"]
[WhiteElo "1615"]
[BlackElo "1794"]
[PlyCount "60"]
[EventDate "2013.07.01"]
[EventType "swiss"]
[EventRounds "11"]
[EventCountry "COL"]
[SourceDate "2005.09.12"]

1. e4 c5 2. Nf3 d6 3. d4 cxd4 4. Nxd4 Nf6 5. Nc3 a6 6. f3 e5 7. Nb3 Be7 8. Bg5
Be6 9. Qd2 O-O 10. O-O-O Nbd7 11. Kb1 b5 12. Bxf6 Nxf6 13. g4 b4 14. Nd5 Bxd5
15. exd5 a5 16. Nc1 Qb6 17. h4 a4 18. h5 e4 19. g5 e3 20. Qg2 Nd7 21. g6 fxg6
22. h6 Ne5 23. hxg7 Rxf3 24. Qh2 h5 25. Be2 Rf2 26. Qh3 b3 27. cxb3 axb3 28. a3
Qc7 29. Qxe3 Qc2+ 30. Ka1 Rxa3+ 0-1

[Event "Col Ch "]
[Site "Ibague "]
[Date "2013.07.03"]
[Round "5.80"]
[White "Sandoval Guerrero, Juan David"]
[Black "Cuevas Sanchez, Bramdon Daniel"]
[Result "0-1"]
[WhiteElo "1501"]
[BlackElo "1769"]
[PlyCount "54"]
[EventDate "2013.07.01"]
[EventType "swiss"]
[EventRounds "11"]
[EventCountry "COL"]
[SourceDate "2005.09.12"]

1. e4 e5 2. Nf3 Nc6 3. Bc4 Bc5 4. d3 d6 5. Be3 Bb6 6. c3 Nf6 7. Nbd2 Be6 8. Bb5
a6 9. d4 Bd7 10. Bxc6 Bxc6 11. Qc2 exd4 12. cxd4 O-O 13. d5 Bxe3 14. fxe3 Bb5
15. Nd4 Bd7 16. O-O Re8 17. Ne2 Bb5 18. a4 Bxe2 19. Rf2 Bh5 20. h3 Bg6 21. Rc1
Rc8 22. Rf4 Qe7 23. Rcf1 Nxe4 24. Nxe4 Bxe4 25. Qc3 Bxd5 26. Rg4 Qxe3+ 27. Qxe3
Rxe3 0-1

[Event "Col Ch "]
[Site "Ibague "]
[Date "2013.07.04"]
[Round "6.1"]
[White "Mosquera, Miguel"]
[Black "Blandon, Luis Guillermo"]
[Result "1-0"]
[WhiteElo "2391"]
[BlackElo "1993"]
[PlyCount "97"]
[EventDate "2013.07.01"]
[EventType "swiss"]
[EventRounds "11"]
[EventCountry "COL"]
[SourceDate "2005.09.12"]
[WhiteClock "0:29:51"]
[BlackClock "0:30:58"]

1. e4 c5 2. Nf3 d6 3. d4 cxd4 4. Nxd4 Nf6 5. Nc3 g6 6. Be3 Bg7 7. f3 O-O 8. Qd2
Nc6 9. g4 Be6 10. O-O-O Nxd4 11. Bxd4 Qa5 12. a3 Rfc8 13. h4 Bc4 14. Bh3 Rc7
15. h5 e5 16. Be3 Rd8 17. Kb1 b5 18. Nd5 Qxd2 19. Rxd2 Bxd5 20. exd5 Rb8 21. h6
Bh8 22. c3 Nd7 23. Bf1 a6 24. g5 Nb6 25. Rh4 f5 26. Rb4 Nc4 27. Bxc4 Rxc4 28.
Kc2 Rbc8 29. Rd1 Kf7 30. Ra1 f4 31. Bf2 Re8 32. Rxc4 bxc4 33. Re1 Rc8 34. Re4
Ke7 35. a4 Kd7 36. Bb6 Ke7 37. a5 Kd7 38. Kb1 Ke7 39. Ka2 Bf6 40. gxf6+ Kxf6
41. Ka3 Kg5 42. Kb4 Kxh6 43. Rxc4 Rxc4+ 44. Kxc4 Kg5 45. Kd3 h5 46. c4 Kf5 47.
b4 g5 48. b5 g4 49. bxa6 1-0

[Event "Col Ch "]
[Site "Ibague "]
[Date "2013.07.04"]
[Round "6.2"]
[White "Ruiz C, Joshua D"]
[Black "Gallego Alcaraz, Andres Felipe"]
[Result "1/2-1/2"]
[WhiteElo "2409"]
[BlackElo "2414"]
[PlyCount "78"]
[EventDate "2013.07.01"]
[EventType "swiss"]
[EventRounds "11"]
[EventCountry "COL"]
[SourceDate "2005.09.12"]

1. e4 c5 2. Nf3 Nc6 3. d4 cxd4 4. Nxd4 e5 5. Nb5 d6 6. N1c3 a6 7. Na3 b5 8. Nd5
Nce7 9. Bg5 f6 10. Be3 Rb8 11. c4 Nxd5 12. cxd5 f5 13. exf5 Bxf5 14. Bd3 Qd7
15. O-O Nf6 16. Nc2 a5 17. b4 a4 18. Bg5 Be7 19. Ne3 Bxd3 20. Qxd3 O-O 21. Rac1
Nh5 22. Bxe7 Nf4 23. Qe4 Qxe7 24. Rc6 Ne2+ 25. Kh1 Nd4 26. f4 Nxc6 27. dxc6 Qf7
28. f5 Qxa2 29. h3 Kh8 30. c7 Rbc8 31. Nd5 a3 32. f6 gxf6 33. Rf5 Qa1+ 34. Kh2
Qd4 35. Qf3 Rf7 36. Rxf6 Qxd5 37. Qxd5 Rxf6 38. Qxb5 Rff8 39. Qa6 Ra8 1/2-1/2

[Event "Col Ch "]
[Site "Ibague "]
[Date "2013.07.04"]
[Round "6.3"]
[White "Diaz Arboleda, Daniel"]
[Black "Barrientos, Sergio E"]
[Result "0-1"]
[WhiteElo "2110"]
[BlackElo "2476"]
[PlyCount "150"]
[EventDate "2013.07.01"]
[EventType "swiss"]
[EventRounds "11"]
[EventCountry "COL"]
[SourceDate "2005.09.12"]
[WhiteClock "0:01:31"]
[BlackClock "0:20:35"]

1. d4 Nf6 2. c4 e6 3. Nf3 Bb4+ 4. Bd2 a5 5. g3 d6 6. Bg2 Nbd7 7. a3 Bxd2+ 8.
Nbxd2 a4 9. O-O O-O 10. Qc2 Re8 11. Ne1 e5 12. d5 Nc5 13. e4 c6 14. Nd3 Nxd3
15. Qxd3 cxd5 16. cxd5 Bd7 17. Rfc1 Qb6 18. Nc4 Qa6 19. Qd2 Rac8 20. Qb4 Rxc4
21. Rxc4 h5 22. Bf1 Bb5 23. Rc3 Bxf1 24. Rxf1 h4 25. Rc4 Ra8 26. Rfc1 h3 27.
Qd2 Qb5 28. Qe2 Rf8 29. R1c2 g6 30. R4c3 Qb6 31. Qe3 Qa5 32. Rc4 Kg7 33. Qc3
Qa6 34. Qf3 Rh8 35. Qe2 Ra8 36. Rb4 Qxe2 37. Rxe2 Rc8 38. f3 Rc1+ 39. Kf2 g5
40. Rxb7 g4 41. Rb4 Rh1 42. Ke3 Rf1 43. Rf2 Re1+ 44. Kd2 Rg1 45. Ke2 Rb1 46.
fxg4 Rh1 47. Kf3 Kg6 48. Rxa4 Re1 49. Rc4 Kg5 50. Re2 Rf1+ 51. Ke3 Rd1 52. Rd2
Nxg4+ 53. Kd3 Re1 54. Re2 Rd1+ 55. Rd2 Re1 56. Rcc2 f5 57. exf5 Kxf5 58. Rf2+
Nxf2+ 59. Rxf2+ Kg4 60. Re2 Rd1+ 61. Kc2 Rxd5 62. b4 Kf3 63. Rd2 Rxd2+ 64. Kxd2
Kf2 65. b5 e4 66. b6 e3+ 67. Kc2 e2 68. b7 e1=Q 69. b8=Q Qe4+ 70. Kc3 Qe3+ 71.
Kb4 Qc5+ 72. Ka4 Kg1 73. Qb2 Qa7+ 74. Kb3 Qb6+ 75. Kc2 Qxb2+ 0-1

[Event "Col Ch "]
[Site "Ibague "]
[Date "2013.07.04"]
[Round "6.4"]
[White "Martinez Romero, Martin"]
[Black "Lozano, Nestor Favian"]
[Result "1-0"]
[WhiteElo "2402"]
[BlackElo "2110"]
[PlyCount "125"]
[EventDate "2013.07.01"]
[EventType "swiss"]
[EventRounds "11"]
[EventCountry "COL"]
[SourceDate "2005.09.12"]
[WhiteClock "0:15:20"]
[BlackClock "0:04:41"]

1. e4 c5 2. Nf3 g6 3. d4 cxd4 4. Nxd4 Bg7 5. Nc3 Nc6 6. Be3 Nf6 7. Bc4 Qa5 8.
O-O O-O 9. Bb3 d6 10. h3 Bd7 11. Nf3 Qh5 12. Nd2 Qxd1 13. Raxd1 Rfc8 14. f4 Be6
15. Bxe6 fxe6 16. Nf3 Nh5 17. Ne2 e5 18. c3 exf4 19. Bxf4 Nxf4 20. Nxf4 Ne5 21.
Nxe5 Bxe5 22. Nd5 Rc4 23. Nxe7+ Kg7 24. Rde1 Re8 25. Nd5 Ra4 26. a3 Bg3 27. Re3
Bh4 28. Ref3 Raxe4 29. Rf7+ Kh6 30. Rxb7 Re2 31. Rb4 Bd8 32. Rf2 Re1+ 33. Kh2
Rd1 34. Nf6 Bxf6 35. Rxf6 Re2 36. Rf7 Rdd2 37. Rh4+ Kg5 38. Rg4+ Kh6 39. b4 Re3
40. Rxa7 Rxc3 41. b5 d5 42. a4 Rb3 43. Rd7 Rd1 44. Rd6 Rbb1 45. Rf4 Kg5 46. Kg3
Rd2 47. h4+ Kh5 48. Rdf6 d4 49. Rf7 h6 50. Rf2 Rb3+ 51. R7f3 Rdb2 52. Rxb2 Rxb2
53. Ra3 Rb4 54. Kf4 g5+ 55. hxg5 hxg5+ 56. Ke4 Kg4 57. Kd5 Kf4 58. Kc5 Rb2 59.
Kxd4 Rxg2 60. b6 Rb2 61. a5 g4 62. Kc3 Rb5 63. Rb3 1-0